000 00471nam a22001577a 4500
008 140320t mx||||| |||| 00| 0 spa d
050 0 4 _aK2201
_bB75 1970
100 1 _aBriseño Sierra, Humberto
245 1 0 _aDerecho procesal /
_cHumberto Briseño Sierra
250 _a1a ed.
260 _aMéxico :
_bCadenas,
_c1970
300 _av. ;
_c23 cm.
504 _aIncluye bibliografias e índice
650 7 _2LEMB
_aProcedimiento civil
_xDerecho
_zMéxico
942 _2ddc
_cLIB
999 _c50550
_d50550